Library Banner

We accuse (Record no. 82248)

MARC details
000 -LEADER
fixed length control field 00395nam a22001337a 4500
005 - DATE AND TIME OF LATEST TRANSACTION
control field 20160125152133.0
008 - FIXED-LENGTH DATA ELEMENTS--GENERAL INFORMATION
fixed length control field 160125b xxu||||| |||| 00| 0 eng d
040 ## - CATALOGING SOURCE
Transcribing agency PK-LaUMT
082 ## - DEWEY DECIMAL CLASSIFICATION NUMBER
Classification number AMC 959.70438
Item number ACC-
245 ## - TITLE STATEMENT
Title We accuse
Remainder of title a report of the copenhagen session of the war crimes tribunal
Statement of responsibility, etc John Duffett(Edit
260 ## - PUBLICATION, DISTRIBUTION, ETC. (IMPRINT)
Place of publication, distribution, etc London
Name of publisher, distributor, etc Bertrand russell
Date of publication, distribution, etc 1968
300 ## - PHYSICAL DESCRIPTION
Extent 183 p.
942 ## - ADDED ENTRY ELEMENTS (KOHA)
Koha item type Books
Holdings
Withdrawn status Lost status Damaged status Home library Current library Date acquired Full call number Barcode Date last seen Price effective from Koha item type
      UMT Main Campus UMT Main Campus 2016-01-25 AMC 959.70438 ACC- 86151 2016-01-25 2016-01-25 Books